Odmiany jabłek - nagła śmierć - Statystyki

Ogólne statystyki
  • Ten quiz został rozwiązany 36 razy
  • Średni wynik to 7 z 10
Answers on the Grid
Answers color-coded by a green-red scale on the quiz's grid according to % correct below.
Antonówka
Delikates
Gala
Golden Delicious
Idared
Jonagold
Lobo
Rubin
Reneta
Szampion
Nefris
Northstar
Isolda
Bera Szara
Szafir
Kortez
Williams
Opal
 
Statystyki odpowiedzi
Odpowiedź % Poprawnych
Szampion
90%
Antonówka
87%
Gala
83%
Lobo
83%
Jonagold
80%
Reneta
77%
Golden Delicious
63%
Idared
57%
Rubin
40%
Delikates
33%
Nie znaleziono quizów pasujących do podanych kryteriów
Rozkład punktacji
Procent ludzi z każdym wynikiem
Percentyl według liczby udzielonych odpowiedzi
Twoja historia wyników
Nie rozwiązałeś tego quizu